000 00745nam a2200289Ia 4500
001 16241
003 IT-RoPAU
008 130308s9999 xx 000 0 und d
040 _aIT-RoPAU
040 _cIT-RoPAU
041 _aITALIANO
100 _aThom Renè
100 _gCodice Aut. SPICS: 762
245 _aDalla morfogenesi alla struttura
245 _bTeoria dell'informazione (La)
250 _a1a ed.
260 _aBOLOGNA
260 _bIl Mulino
260 _c1974 [1° Ed.:1974 - Ed.Ling.Originale:1974]
300 _a"24 p. (prefazione: no ; testo: 24 [pagine: 73-96])"
650 _aTEORIA DELLA CIBERNETICA
650 _eCodice materia Spics: 4102
942 _cBK
957 _71
999 _c46340
_d46340
999 _bSI
999 _g1